000 00578nam a22001937a 4500
005 20250704124840.0
010 _aENG-145654
020 _c850.00
_a9788170545644
035 _aEN-129186
037 _bDBAD
082 _a482.02
100 _aGautam, G. S.
_982589
245 _aCommunicative English For Globalization/
_cG. S. Gautam
250 _a1
260 _aKarampura
_bClassical Publishing Company
_c2012
270 _bNew Delhi
_a28, Shopping Centre, Karampura, New Delhi
_e110015
300 _a368 p.
_c22 cm(hb)
942 _2ddc
_cEN
_h482.02
_mGAU
999 _c212087
_d212087